| 000 | 01540cam a22003614a 4500 | ||
|---|---|---|---|
| 001 | 13108657 | ||
| 003 | NUST-PNEC | ||
| 005 | 20170116180700.0 | ||
| 008 | 030303s2003 gw a b 001 0 eng | ||
| 010 | _a 2003045417 | ||
| 020 | _a3540008489 | ||
| 040 |
_aDLC _cPNEC _dDLC |
||
| 042 | _apcc | ||
| 050 | 0 | 0 |
_aTA460 _b.D535 2003 |
| 082 | 0 | 0 | _a620.166 HUT |
| 100 |
_9259 _aHutter, Kolumban |
||
| 245 | 0 | 0 |
_aDeformation and failure in metallic materials / _cKolumban Hutter, Herbert Baaser (eds.). |
| 260 |
_aBerlin ; _aNew York : _bSpringer, _cc2003. |
||
| 300 |
_axii, 409 p. : _bill. ; _c24 cm. |
||
| 440 | 0 |
_aLecture notes in applied and computational mechanics ; _vv. 10 |
|
| 500 | _aIncludes Index http://www.amazon.com/Deformation-Metallic-Materials-Computational-Mechanics/dp/3540008489/ref=sr_1_1?s=books&ie=UTF8&qid=1410152681&sr=1-1&keywords=3540008489 | ||
| 504 | _aIncludes bibliographical references and index. | ||
| 650 | 0 |
_aMetals _xFatigue _xME |
|
| 650 | 0 |
_aMetals _xFracture _xMathematical models. |
|
| 650 | 0 | _aDeformations (Mechanics) | |
| 700 | 1 | _aHutter, Kolumban. | |
| 700 | 1 | _aBaaser, Herbert. | |
| 856 | 4 | 2 |
_3Publisher description _uhttp://www.loc.gov/catdir/enhancements/fy0816/2003045417-d.html |
| 856 | 4 | 1 |
_3Table of contents only _uhttp://www.loc.gov/catdir/enhancements/fy0816/2003045417-t.html |
| 906 |
_a7 _bcbc _corignew _d1 _eocip _f20 _gy-gencatlg |
||
| 942 |
_2ddc _cBK |
||
| 999 |
_c60519 _d60519 |
||